[Event "FIDE-Wch k.o."]
[Site "Las Vegas"]
[Date "1999.08.07"]
[Round "3.2"]
[White "Svidler, Peter"]
[Black "Georgiev, Kiril"]
[Result "1/2-1/2"]
[WhiteElo "2684"]
[BlackElo "2650"]
[Annotator "Atlas,V"]
[PlyCount "61"]
[EventDate "1999.07.31"]
[EventType "k.o."]
[EventRounds "7"]
[EventCountry "USA"]
[SourceTitle "CBM 072"]
[Source "ChessBase"]
[SourceDate "1999.10.01"]
[SourceVersion "1"]
[SourceVersionDate "1999.10.01"]
[SourceQuality "1"]

1. e4 c5 2. Nf3 d6 3. d4 cxd4 4. Nxd4 Nf6 5. Nc3 a6 6. Be3 Ng4 7. Bg5 h6 8. Bh4
g5 9. Bg3 Bg7 10. h3 $5 Ne5 11. Nf5 (11. Be2 Nbc6 12. Nxc6 (12. Nf5 Bxf5 13.
exf5 Nd4 14. Bd3 Nxd3+ 15. Qxd3 Qa5 16. f6 Bxf6 17. O-O Rc8 18. Rae1 Rxc3 19.
bxc3 Ne6 20. Qf3 Qxc3 21. Qxb7 O-O 22. Qxa6 Nd4 23. Qd3 Qxd3 24. cxd3 Ra8 25.
f4 Rxa2 26. fxg5 {1/2-1/2 Thorhallsson,T-Gallagher,J/Forli 1992/TD (26)}) 12...
bxc6 13. O-O Qb6 14. Rb1 Be6 15. Qd2 Nc4 16. Bxc4 Bxc4 17. Rfe1 Rd8 18. Kh1 Qd4
19. Qc1 e5 20. Rd1 Qc5 21. Na4 Qb4 22. b3 Be6 23. c4 O-O 24. a3 Qb7 25. Qe3 f5
26. exf5 Bxf5 27. Rb2 {1/2-1/2 Perunovic,M-Perovic,V/JUG-chT2 1994/EXT 97 (54)}
) (11. f3 Nbc6 12. Bf2 e6 13. Qd2 Nxd4 14. Bxd4 Bd7 15. Nd1 O-O 16. Ne3 Rc8 17.
O-O-O Bc6 18. h4 Bf6 19. hxg5 hxg5 20. Be2 Qe7 21. Bc3 Rfd8 22. Bb4 {1-0
Dutreeuw,M-Van Mechelen,J/Antwerp 1997/EXT 99 (40)}) 11... Bxf5 12. exf5 Qa5 $5
$146 ({An interesting novelty, which seems to be an important alternative to
Polgar's natural choice} 12... Nbc6 13. Nd5 O-O 14. Be2 e6 15. fxe6 fxe6 16.
Ne3 d5 17. O-O Qb6 18. Ng4 Rf5 19. c3 Qxb2 20. Rb1 Qxc3 21. Rxb7 Rf7 22. Qb1
Rxb7 23. Qxb7 Re8 24. Qxa6 Nxg4 25. Bxg4 Nd4 26. Rb1 Qc2 27. Rb7 Qg6 28. a4 {
1-0 Shirov,A-Polgar,J/Prague 1999 (38)}) 13. Qd5 Nbc6 ({Certainly, not} 13...
Qxd5 $2 14. Nxd5 {. and White has a large advantage.}) 14. Qxa5 (14. O-O-O $5
Rc8 15. Be2 {deserved serious attention.}) 14... Nxa5 15. Nd5 Rc8 16. O-O-O e6
17. Ne3 ({More pincipal was} 17. f6 $5 Bf8 18. Ne3 {, with mutual chances. The
text move allows Black to accomplish his development and obtain a counterplay.}
) 17... Ke7 18. Be2 h5 19. Rhf1 $6 ({Not the best move.} 19. f4 $5 {was to be
preferred:} gxf4 20. Bxf4 d5 (20... Bh6 21. Rhf1 $14) 21. Rhe1 $5 (21. Bg5+ Bf6
22. Bxf6+ Kxf6 23. Rhf1 $13) 21... Nac6 (21... Nec4 $2 22. Nxd5+ $18) (21...
Nac4 $2 22. Bxc4 dxc4 (22... Nxc4 $2 {fails to} 23. Nxd5+ Kf8 24. f6) 23. Bxe5
Bxe5 24. Nd5+ $18) 22. g4 d4 {, wtih mutual chances.}) 19... d5 {[%csl Rb2]
[%cal Ge5c4,Gg7b2,Gc4b2] Threatening 20...Nec4, with initiative.} 20. f4 gxf4
21. Bxf4 (21. Rxf4 $2 {fails to} Bh6 22. fxe6 fxe6 (22... Bxf4 $6 23. Bxf4 Kxe6
24. Bxe5 Kxe5 25. Bxh5 $14 (25. Rxd5+ $5 Ke4 26. Rxa5 Kxe3 27. Bxh5 {, with
unclear play.})) 23. Bh4+ Ke8 $17) 21... Nac4 22. Bg5+ Kd6 23. Bxc4 Nxc4 24.
fxe6 fxe6 (24... Bxb2+ $2 {loses to} 25. Kb1 Nxe3 26. Bxe3 Bc3 27. exf7 $18)
25. Nxc4+ Rxc4 26. Rf7 Rg8 27. h4 ({If} 27. Rxb7 {then} Bxb2+ {,with good play
for Black.}) 27... Be5 28. Re1 $2 ({After this move White has no chance to win
the game.} 28. Be7+ {does not bring anything after} Kc6) ({, but} 28. Rxb7 Bf4+
29. Bxf4+ Rxf4 30. Rb6+ {,with the sharp and unclear play was to be preferred.}
) 28... Rg7 $1 29. Rf3 (29. Be7+ {falls short after} Kd7 (29... Kc6 $2 30. Rxg7
Bxg7 31. Rxe6+) 30. Rxg7 Bxg7 {, and Black has an edge in the ending.}) 29...
Rgc7 30. Re2 Bg7 {[%cal Gc7c2,Ge6e5,Ge5e4,Gd5d4,Gg7b2]} 31. g3 $15 {/-/+ Black
has better chances in this position. All his pieces are actively placed,
whereas White has very little to oppose to the march of the central pawns. The
draw was agreed, as it allowed Georgiev to advance to the 4th round of the
World Championship.} 1/2-1/2

[Event "MK Cafe Cup-A"]
[Site "Koszalin"]
[Date "1999.08.04"]
[Round "2"]
[White "Socko, Bartosz"]
[Black "Sutovsky, Emil"]
[Result "1-0"]
[WhiteElo "2543"]
[BlackElo "2587"]
[Annotator "Atlas,V"]
[PlyCount "75"]
[EventDate "1999.08.03"]
[EventType "swiss"]
[EventRounds "9"]
[EventCountry "POL"]
[SourceTitle "CBM 073"]
[Source "ChessBase"]
[SourceDate "1999.12.01"]
[SourceVersion "1"]
[SourceVersionDate "1999.12.01"]
[SourceQuality "1"]

1. e4 c5 2. Nf3 d6 3. d4 cxd4 4. Nxd4 Nf6 5. Nc3 a6 6. f3 b5 (6... e6 7. Bg5
Be7 8. Qd2 Nbd7 9. Bc4 Nc5 10. b4 Nfxe4 11. fxe4 Bxg5 12. Qf2 Bf6 13. O-O Qb6
14. e5 dxe5 15. Ndb5 Nd7 16. Qxb6 Nxb6 17. Nc7+ Ke7 18. Bb3 Rb8 19. Rad1 Bd7
20. N7d5+ exd5 21. Nxd5+ Nxd5 22. Bxd5 Be6 {0-1 Bock,U-Hartmann,W/OLWuert 1988/
GER (22)}) 7. Be3 (7. a4 b4 8. Na2 a5 9. c3 e5 10. Nb5 bxc3 11. Naxc3 Bb7 12.
Be3 Be7 13. Qd2 O-O 14. Rd1 Ne8 15. Nd5 Bxd5 16. Qxd5 Na6 17. Rc1 Nb4 18. Qd2
d5 {1/2-1/2 Huberty,M-Alho,D/Singapore 1990/EXT 97 (18)}) 7... Bb7 8. Qd2 (8.
a3 Nbd7 9. Qd2 Rc8 10. g4 Nb6 11. g5 Nfd7 12. h4 Ne5 13. b3 Qc7 14. Na2 e6 15.
Nb4 Be7 16. Bh3 O-O 17. O-O d5 18. f4 Ned7 19. e5 Nc5 20. Bg2 Ne4 21. Bxe4 dxe4
22. Rad1 Rfd8 23. Qf2 Nd5 24. Nxd5 {1-0 Naff,B-Weaver,N/Chicago 1990/EXT 97 
(58)}) 8... Nbd7 (8... e6 9. Be2 Be7 10. O-O Nbd7 11. Kh1 Rc8 12. Rac1 O-O 13.
Rfd1 Qc7 14. Nb1 Nb6 15. b3 d5 16. e5 Nfd7 17. f4 Nc5 18. c3 Kh8 19. Qc2 Ne4
20. Bd3 Bc5 21. Bxe4 dxe4 22. Qe2 Nd5 23. a3 Rfd8 24. g3 h6 25. Nc2 Nxe3 26.
Nxe3 Rd3 27. Nc2 e3+ 28. Kg1 Rd2 {0-1 Gommers,R-Do,K/Nijmegen 1992/EXT 99 (28)}
) 9. g4 $1 ({The most logical and principal continuation. After} 9. O-O-O Rc8
10. Kb1 Ne5 11. Bd3 e6 12. g4 Nfd7 13. Bg5 Qc7 14. Qg2 h6 15. Bc1 b4 16. Nce2
g5 17. h4 Rg8 18. hxg5 hxg5 19. b3 d5 20. exd5 Bxd5 21. Bb2 Bg7 {Black
obtained counterplay in the game Rodriguez Lopez,R-Bordas,G/Budapest 1998/CBM
63 ext (38)}) 9... Nb6 ({Now,} 9... e6 {fails to} 10. g5) ({, whereas after} 
9... Ne5 10. g5 Nfd7 11. f4 {White has a strong initiative.}) 10. O-O-O Nfd7 $6
(10... g6 {or 10...e6 was to be preferred.}) 11. Nf5 $1 {[%csl Rd6,Rg7][%cal
Ge3d4,Gd4h8][%mdl 128] Very effective knight thrust, yielding White clearly
better chances.} g6 12. Bd4 f6 ({If} 12... e5 {then} 13. Bxb6 Qxb6 14. Nxd6+
$16) 13. Ng3 e5 14. Be3 Rc8 ({After} 14... b4 15. Nd5 {White has a durable
advantage.}) 15. Kb1 b4 16. Nd5 Bxd5 17. exd5 Na4 18. Ne4 (18. Qxb4 $2 {
fails to} Nxb2 {, and the knight is invulnerable in view of 19...Rb8.}) 18...
Qa5 ({After} 18... Be7 19. f4 {White has great attacking prospects.} (19. h4 $5
{/\h5|^})) 19. Qe2 Qc7 (19... Nc3+ $2 {fails to} 20. bxc3 bxc3 21. Ka1 $18) 20.
f4 Be7 21. f5 Ndc5 ({If} 21... O-O {then} 22. h4 {, with dangerous attack.})
22. Bxc5 Nxc5 23. Nxc5 Qxc5 24. fxg6 hxg6 25. Qe4 $16 {[%csl Rg6][%cal Ge4g6,
Gg6e8] By means of consequent play White obtained a large advantage. Now he
starts the new wave of attack on the black king.} a5 (25... Rg8 {is met by} 26.
h4 {, and further advancement of the h-pawn should decide the game.}) 26. Qxg6+
Kd8 27. Ba6 Rc7 28. h4 a4 29. h5 a3 30. h6 f5 {A desperate attempt to open the
main diagonal by means of sacrificing the f- and e-pawns does not change
anything in the general assessment: White is winning.} 31. Qxf5 e4 32. Qxe4 Bf6
33. Qg6 $1 Bxb2 34. Rhe1 $1 {Threatening 35.Qg5+ Kd7 36.Qe7#.} Rf8 (34... Be5 {
is easily refuted by} 35. Rxe5 $1 dxe5 (35... Qc3 36. Qf6+ Kd7 37. Qe7#) 36. d6
(36. Qf6+ {is also sufficient for win:} Kd7 37. Bb5+ Qxb5 38. Qg7+ Kd6 39. Qxh8
Qc4 40. Qd8+ Rd7 41. Qb6+ Ke7 42. h7 Qc3 43. Qe6+ $18) 36... Rch7 37. Qf6+ Kd7
38. Bd3 $18) 35. h7 Be5 (35... Bh8 {loses to} 36. Qg5+ Bf6 37. Qxf6+ Rxf6 38.
h8=Q+) 36. Rxe5 $1 dxe5 ({Again} 36... Qc3 {fails to} 37. Qg5+ Kd7 38. Qe7#)
37. d6 Qd4 {It seems that much more reasonable decision in this position would
be to give up instead of making such (or other) moves. The idea behind this
queen sacrifice was, presumably, 38.Rd4 Rf1+, yet, it is not a mate, but
rather entirely entirely harmless for White check, as his a6-bishop just
captures the rook: 39.Bf1.} (37... Rc6 38. Qg5+ Kd7 39. Qe7#) (37... Rd7 38.
Qf6+) 38. Rxd4 {[%csl Rf1][%cal Gf8f1,Ga6f1]} 1-0

[Event "Petermaennchen GM"]
[Site "Schwerin"]
[Date "1999.08.12"]
[Round "5"]
[White "Luther, Thomas"]
[Black "Petrosian, Arshak B"]
[Result "1-0"]
[WhiteElo "2507"]
[BlackElo "2514"]
[Annotator "Atlas,V"]
[PlyCount "63"]
[EventDate "1999.08.09"]
[EventType "tourn"]
[EventRounds "9"]
[EventCountry "GER"]
[EventCategory "10"]
[SourceTitle "CBM 073"]
[Source "ChessBase"]
[SourceDate "1999.12.01"]
[SourceVersion "1"]
[SourceVersionDate "1999.12.01"]
[SourceQuality "1"]

1. e4 c5 2. Nf3 d6 3. d4 cxd4 4. Nxd4 Nf6 5. Nc3 a6 6. Be3 e5 7. Nb3 Be6 8. Qd2
Be7 9. f3 Nbd7 10. g4 h6 11. O-O-O b5 12. h4 Nb6 13. Qf2 Nfd7 14. Kb1 Qc7 15.
Nd5 Bxd5 16. exd5 Nc4 17. Bc1 (17. f4 Nf6 (17... a5 18. fxe5 dxe5 19. Nd2 Nxb2
20. Bd3 Nxd3 21. cxd3 Nf6 22. Ne4 Nxd5 23. Rhg1 b4 24. Rdf1 Bxh4 25. Qf3 Nxe3
26. Qxe3 b3 27. axb3 Rb8 28. d4 O-O 29. g5 hxg5 {0-1 Adams,M-Gelfand,B/Arnhem
1988/TD (29)}) 18. Rg1 Rc8 19. Bxc4 bxc4 20. Nc1 Rb8 21. Ne2 Nxd5 22. Ba7 Rb5
23. a4 Rb7 24. Rxd5 Rxa7 25. Nc3 Rb7 26. fxe5 {1-0 Vorobiov,E-Pigusov,E/Maikop
1998/CBM 66 (57)}) 17... Qb6 (17... a5 18. Bd3 a4 19. Nd2 Rb8 20. Ne4 b4 21.
Qe2 Rc8 22. g5 a3 23. b3 Nb2 24. gxh6 Nxd1 25. hxg7 Rg8 26. Qxd1 Rxg7 27. h5 {
1-0 Svidler,P-Savchenko,S/Maikop 1998/CBM 66 (57)}) (17... Ndb6 18. Bd3 Rb8 19.
f4 a5 20. fxe5 dxe5 21. Rhf1 Bd6 22. g5 h5 23. g6 f6 24. Qe2 {1/2-1/2 Pupo,
E-Rodriguez,A/CUB-ch 1995/CBM 46 ext (50)}) 18. Qe1 a5 (18... Rc8 19. Bd3 Nc5
20. f4 Na4 21. g5 h5 22. Rh2 Rc7 23. Re2 f6 24. gxf6 Bxf6 25. fxe5 Bxe5 26.
Bxc4 bxc4 27. Rxe5+ dxe5 28. d6 {1-0 Varavin,V-Bigaliev,R/Budapest 1995/CBM 47
ext (37)}) 19. a3 a4 20. Na1 (20. Nd2 Ne3) 20... Nc5 21. c3 f5 22. Nc2 (22.
gxf5 Bf6) 22... f4 23. Nb4 O-O 24. g5 $1 h5 25. Nd3 $1 {[%csl Re6,Rg6,Rg8,Rh5]
[%cal Gd3c5,Ge1e4,Ge4g6,Gf1h3,Gh3e6,Gg6h5,Ge6g8,Gh5h8]} Nb3 $4 {[%mdl 8192]} (
25... g6 26. Nxc5 (26. Nxf4 $4 exf4 27. Qxe7 Rae8 $19) 26... Qxc5 27. Qe4 Kg7
28. Bd3 Rf5 29. Bxf4 Nxa3+ 30. bxa3 Qxa3) (25... Nxd3 26. Rxd3 (26. Bxd3 Ne3)
26... g6 27. Qe4 Kg7) 26. Qe4 {[%cal Ge4g6]} Nxc1 27. Bh3 $1 $18 {[%csl Re6]
[%cal Gh3e6][%mdl 128]} Qe3 (27... Nxd3 28. Be6+ Kh8 (28... Rf7 29. Qf5 $1 (29.
g6 $4 Qf2 $19) 29... Bf6 (29... Raf8 30. g6 $18) 30. Qg6 Raf8 31. gxf6) 29. Qg6
) 28. Qg6 Qxf3 29. Nxc1 (29. Be6+ $6 Kh8 30. Rhf1 Qe2 31. Rfe1 Qf3 32. Nxc1 e4
33. Rf1 $140 Ne5 $19) 29... Ne3 (29... Kh8 30. Rd3 Ne3 31. Be6 $1 $18 {/\Rh3})
(29... e4 30. Rdf1 Nd2+ 31. Ka1 Nxf1 32. Be6+ Kh8 33. Rxf1 $18) 30. Be6+ Kh8
31. Rdf1 $1 {[%csl Rh5,Rh8][%cal Gg6h5,Gh5h8]} Nxf1 32. Rxf1 1-0

[Event "Sonsbeek SNS"]
[Site "Arnhem"]
[Date "1999.05.07"]
[Round "5"]
[White "Nijboer, Friso"]
[Black "Sadler, Matthew D"]
[Result "1/2-1/2"]
[WhiteElo "2515"]
[BlackElo "2667"]
[Annotator "Atlas,V"]
[PlyCount "226"]
[EventDate "1999.05.??"]
[EventType "tourn"]
[EventRounds "6"]
[EventCountry "NED"]
[EventCategory "14"]
[SourceTitle "CBM 071"]
[Source "ChessBase"]
[SourceDate "1999.08.01"]
[SourceVersion "1"]
[SourceVersionDate "1999.08.01"]
[SourceQuality "1"]

{[%mdl 4100]} 1. e4 c5 2. Nf3 d6 3. d4 cxd4 4. Nxd4 Nf6 5. Nc3 a6 6. Be3 e5 7.
Nb3 Be6 8. Qd2 Nbd7 9. f3 h5 10. a4 (10. O-O-O) 10... Rc8 {This continuation
could have lead by move transposition to a position which occured in the game
Bologan,V-Sakaev,K, St.Petersburg 1995 (see below). But Black had in mind
something else.} (10... Be7 11. a5 (11. O-O-O O-O 12. Qf2 Qc7 13. Kb1 Rfc8 14.
Nd5 Nxd5 15. exd5 Bf5 16. Bd3 Bxd3 17. Rxd3 Qc4 {1/2-1/2 Jirovsky,P-Jaracz,P/
Pardubice 1998/EXT 99 (41)}) 11... O-O 12. Be2 Rc8 13. O-O Nc5 14. Nxc5 dxc5
15. Qe1 c4 16. Kh1 Nd7 17. Na4 Bd6 {1/2-1/2 Bologan,V-Sakaev,K/St.Petersburg
1995/CBM 46 ext (17)}) 11. a5 Be7 12. Be2 h4 $1 {De facto only this move is a
novelty. Anticipating the arrival of White's king at the K-side, Black keeps
his eyes on here, and abstains from actions at the opposite part of the board
- something, that in this setup was usually considered mandatory.} 13. O-O g6
14. Nd5 Bxd5 15. exd5 Kf8 $1 {Black's treatment of the position is quite
instructive. His king reaches safe haven without castling. Meanwhile the
advanced h-pawn threatens to become a battering ram in the attack against
White's monarch.} 16. c4 {White is in a hurry to launch an activity on the
Q-side, but Black turns out to be well prepared for it.} ({Instead} 16. f4 {
deserved attention. If now} e4 {then after} 17. c4 Kg7 18. Bd4 {White's
prospects would be better than in the game.}) 16... Nh5 17. Rfd1 Kg7 18. c5 {
This is the only way to obtain a counterplay, but White will not gain a
sufficient compensation for the sacrificed pawn..} (18. Bd3 f5 $36) 18... dxc5
19. d6 Bf6 20. Bc4 Nf4 21. Qc2 {[%cal Gb3d2,Gd2e4,Yc2e4]} Bg5 22. Qc3 (22. Qe4
Rc6 {[%cal Gf7f5,Yf4h3,Rg5e3]}) 22... Rc6 23. Nd2 (23. Rac1 Qf6 24. Nd2 Rxd6)
23... Rxd6 $1 (23... f5 {also looks good for Black, but the move played is
even stronger.}) 24. Ne4 Rd4 $1 $17 {Well-grounded exchange sacrifice which
has only a temporary character, since Black's minor pieces will soon become
too active to tolerate them.} 25. Bxd4 exd4 {[%cal Gd7e5]} 26. Qb3 Ne5 27. Bf1
Nh5 {[%cal Gh5g3,Yg5e3]} 28. Re1 (28. Nxc5 $2 Be3+ 29. Kh1 Ng3+) 28... h3 29.
g3 Be3+ 30. Rxe3 dxe3 31. Qxe3 Qd4 32. Qxd4 cxd4 33. f4 {This move means
further concessions, but White did not have a choice.} (33. Kf2 Rc8 34. Rd1
Rc2+ 35. Rd2 d3 36. Bxh3 $140 Nc4) 33... Nf3+ 34. Kh1 Nf6 35. Nf2 Rc8 36. Bd3
Nd2 $1 {Preparing an advancement of the other knight, which will play against
White's bishop on d3.} (36... Nd5 $2 37. Be4) 37. Nxh3 (37. Rd1 Nb3) 37... Nd5
38. Ng1 Nb4 39. Rd1 Nb3 40. Be4 (40. Ne2 Re8 {[%csl Rd3,Re2][%cal Ge8e3]})
40... f5 $1 41. Bxb7 Rc7 42. Ba8 d3 $19 {White is incapable to cope with this
pawn, for which he will have to give a minor piece.} 43. Nf3 d2 44. Nxd2 Rd7
45. Kg2 Rxd2+ (45... Nxd2 {would probably significantly reduce the remaining
technical difficulties:} 46. h4 (46. Bf3 Nd3) 46... Nd3 $1) 46. Rxd2 Nxd2 47.
Kf2 Nb3 {retaining White's king locked on the K-side.} 48. Ke3 Kf6 49. h4 Ke6
50. Bf3 Nd5+ (50... Nxa5 51. Kd4 Kd6 52. h5 gxh5 53. Bxh5 Nac6+ 54. Kc4 Nd5 $19
{was also possible.}) 51. Kd3 Nxa5 52. h5 {Will White succeed in eliminating
Black's pawns?} gxh5 53. Bxh5 Nf6 54. Be2 Nc6 55. Kc4 Kd6 56. Bd3 Nd5 57. Kb3
a5 (57... Nc7 58. Kc4) 58. Bxf5 {Eventually liquidating into the theoretically
lost endgame. Yet it clearly was the best practical chance for White.} (58. Kc4
Ne3+ 59. Kb5 Kd5) 58... Nd4+ 59. Ka4 Nxf5 60. Kxa5 Nxg3 61. b4 (61. f5 Nxf5 62.
b4 Nfe3 63. b5 Nc4+ 64. Ka6 Ndb6 {is won for Black as had been long ago
established by A.Troitsky}) 61... Nf5 62. b5 Kc5 63. b6 Nxb6 64. Ka6 Nc4 (64...
Nd7 65. Kb7 Kd6 66. Kc8 Kc6 67. Kd8 Nf6 68. Kc8 Ne8 69. Kd8 Neg7 70. Kc8 Ne6
71. Kb8 Nd8 72. Kc8 Nf7 73. Kb8 N7d6 74. Ka7 Kb5 75. Ka8 Kb6 76. Kb8 Nd4 77. f5
Nc6+ 78. Ka8 Nb5 79. f6 Nc7#) 65. Kb7 Kd6 66. Kc8 Na5 ({Better was} 66... Ke7 {
, not letting White's king to penetrate into upper right corner, where he is
safe. Now white wins a good dozen of moves and makes it much more difficult
for Black to mate White's king during next 50 moves.}) 67. Kd8 Nb7+ 68. Ke8 Ke6
69. Kf8 Nbd6 70. Kg8 Ke7 71. Kh7 Kf7 72. Kh8 Kg6 (72... Ne4 73. Kh7 Nf6+ 74.
Kh8) 73. Kg8 Nf7 74. Kf8 N7h6 75. Ke8 Kg7 76. Kd8 Kf7 77. Kd7 Ng4 78. Kc6 Ke6
79. Kc5 Kd7 80. Kd5 Nge3+ 81. Ke5 Ke7 82. Ke4 Kd6 83. Kd3 Kd5 84. Kc3 Nc4 85.
Kd3 Ncd6 86. Kc3 Ke4 87. Kb3 Kd3 88. Kb4 Kd4 89. Kb3 Ne4 90. Kb4 Nc3 91. Kb3
Nd5 92. Kb2 Kc5 93. Kc1 Nb4 94. Kd1 Kc4 95. Ke2 Nd5 96. Kf3 Nf6 97. Ke2 Kc3 98.
Ke1 Ne4 99. Ke2 Nd2 100. Ke1 Kd3 101. Kf2 Ne4+ 102. Ke1 Nc3 103. Kf1 Kd4 104.
Kf2 Ke4 105. Kf1 Kf3 106. Ke1 Ke3 107. Kf1 Ne4 108. Ke1 Nf2 109. Kf1 Nd3 110.
Kg2 Ke2 111. Kh2 Kf3 112. Kh3 Nf2+ 113. Kh2 Ne3 {Black is about to mate the
opponents' king, but fifty moves left for accomplishing of this task are over
now. A draw.} (113... Ng4+ 114. Kh3 Nge3 115. Kh2 Kg4 116. Kh1 Kh3 117. Kg1 Kg3
118. Kh1 Nd4 119. f5 Nf3 120. f6 Ng4 121. f7 Nf2#) 1/2-1/2

[Event "RUS-Cup03 Geller Memorial"]
[Site "Moscow"]
[Date "1999.02.14"]
[Round "5"]
[White "Virovlansky, Semen"]
[Black "Vaulin, Alexander"]
[Result "1-0"]
[WhiteElo "2410"]
[BlackElo "2547"]
[Annotator "Atlas,V"]
[PlyCount "69"]
[EventDate "1999.02.10"]
[EventType "swiss"]
[EventRounds "9"]
[EventCountry "RUS"]
[SourceTitle "CBM 070"]
[Source "ChessBase"]
[SourceDate "1999.06.08"]
[SourceVersion "1"]
[SourceVersionDate "1999.06.08"]
[SourceQuality "1"]

1. e4 c5 2. Nf3 d6 3. d4 Nf6 4. Nc3 cxd4 5. Nxd4 a6 6. Rg1 $5 {This sharp
continuation gains growing popularity in the modern practice. Some key games
were commented in the recent CBMs.} e5 {One of the most popular continuations.}
(6... h6 7. g4 g5 8. h4 gxh4 9. Be3 Nc6 10. Nd5 Nxd5 11. exd5 Qa5+ 12. c3 Nxd4
13. Qxd4 Rg8 14. Bc4 Qa4 15. Kd2 Bd7 16. f3 Bg7 17. Qd3 Bb5 18. Bxb5+ axb5 19.
g5 h5 20. g6 Rf8 21. Ke2 b4 22. a3 bxc3 23. bxc3 {0-1 Conquest,S-Sadler,M/
Torquay 1998/CBM 66 ext (36)}) 7. Nb3 b5 $5 ({An alternative to the standard
move} 7... Be6 8. g4 d5 9. exd5 Nxd5 10. Nxd5 Qxd5 11. Be3 Qxd1+ 12. Rxd1 Nd7
13. Be2 O-O-O 14. f4 f6 15. f5 Bf7 16. Bf3 e4 17. Bxe4 Bxb3 18. axb3 Re8 19.
Bxb7+ Kc7 20. Rg3 {1-0 Todorovic,G-Dzevlan,M/Cetinje 1991/EXT 98 (41)}) 8. g4
Bb7 9. Bg2 b4 10. Nd5 Nxd5 11. exd5 Be7 12. a3 a5 13. axb4 axb4 14. Rxa8 Bxa8
15. Bd2 Bh4 (15... Qb6 $5 {was an interesting alternative.}) 16. Qe2 ({The
b4-pawn is invulnerable:} 16. Bxb4 $2 Bxf2+ ({or} 16... Qb6 17. Qd2 Bxf2+) 17.
Kxf2 Qb6+) 16... Qb6 17. g5 $1 {Arresting the h4-bishop.} O-O (17... Nd7 {
is met by} 18. Be3 Qc7 19. Kd1 {, and Black's position is critical.}) 18. Be3
Qc7 19. Qh5 $1 {[%mdl 128] Beginning of the well-deliberated tactical
operation.} Qxc2 20. Qxh4 Qxb3 21. Be4 g6 22. Rg3 {[%csl Rh7][%cal Gg3h3,Gh3h7]
Rapid mobilization of the white pieces is very impressive. White is
threatening 22.Rh3.} Nd7 ({If} 22... Bxd5 {then} 23. Rh3 h5 24. gxh6 Kh7 (24...
Nd7 25. h7+ Kh8 26. Bh6 {, wining}) 25. Qf6 Rg8 26. Bxd5 Qxd5 27. Rf3 $16) 23.
Rh3 h5 24. gxh6 Qxb2 25. h7+ Kh8 26. Bh6 Qa1+ ({If} 26... Rc8 {then} 27. Bg7+
Kxg7 28. h8=Q+ Rxh8 29. Qxh8#) 27. Ke2 Qa6+ 28. Kf3 Qc8 29. Qe7 $1 ({It is
much stronger than} 29. Bxf8 Qxf8 {/\f7-f5, and Black has a good play. The
text move wins the rook.}) 29... b3 30. Bxf8 Qxf8 (30... Nxf8 31. Qf6#) 31.
Qxd7 f5 32. Ke2 $1 {The shortest way to win.} fxe4 33. Rc3 b2 34. Rc8 b1=R 35.
Rxf8# 1-0